000 00658nam a2200181 4500
001 75765
003 BD-RjUL
005 20211209082735.0
008 190701s1958 pk ||||| |||| 00| 0 eng d
035 _a(BD-RjUL)59056
040 _aBD-RjUL
_beng
_cBD-RjUL
041 _aeng
082 _223
_a658.3
_bHUM 1958
245 _aHuman relations in industry and commerce :
_bproceedings of the conference held at Karachi from 25 to 29 May, 1956 /
_cPakistan Institute of Personnel Administration.
260 _aKarachi :
_bPakistan Institute of Personnel Administration,
_c1958
710 _aPakistan Institute of Personnel Administration.
_9232130
942 _2ddc
_cBK
999 _c75765
_d75765